000 00620nam a2200193Ia 4500
003 OSt
005 20221007082705.0
006 a|||||r|||| 00| 0
007 ta
008 221006b |||||||| |||| 00| 0 eng d
024 _a22,622
037 _cDissertations
040 _aFLL
_cFLL
_beng
041 _2eng
_aeng
100 _aAlzakout Kamal
_9699255
245 0 _aRight against self-incrimination in the issues of testimonial compulsion and compulsory production of documents
_b a comparative study of law in india, the u.s.a. & syria
942 _cDIS
_2CC
999 _c1167395
_d1167395